=LDR 00000nam 2200000 4500 =001 000530 =005 20250711120548 =035 ##$$a 0010-0725000398 =007 ta =008 250711################a##########0#ind## =020 ##$$a 978-623-194-319-4 =082 ##$$a 398.209 598 =084 ##$$a 398.209 598 KUS s =100 #$$a Dian Sukma Kuswardhani =245 1#$$a Saga tak Sendiri /$c Dian Sukma Kuswardani =250 ##$$a Cetakan Pertama =260 ##$$a Rawamangun :$b Badan Pengembangan dan Pembinaan Bahasa,$c 2022 =300 ##$$a 28 hlm. : $b Ilus. ; $c 29,7 cm. =856 ##$$a TBM AS SUHADA =990 ##$$a TBM02890289